Представление документа в формате RUSMARC

Поле Инд. ПП Название Значение
Тип записи a
Библиографический уровень a
001 Контрольный номер cf533263b51a43fd86bff68a1c7a531c
005 Дата корректировки 20190523113040.4
100 a Данные общей обработки 20190523 ||| 0rusy0189 ca
101 0_ a Язык текста rus
102 a Страна публикации RU
200 1_ f Первые сведения об ответственности Т.В. Ярошенко
a Заглавие Особенности рассмотрения дел о возвращении ребенка на основании международного договора Российской Федерации
b Общее обозначение материала Текст
210 1_ d Дата издания 2019
461 _0 1 2000
a Арбитражный и гражданский процесс
463 _0 1 2000
a № 4
v С. 35-38
1 2101
d 2019
1 0011cf300e9d9224a77a71b3b4f64ae32a9
606 a Основная рубрика Гражданское процессуальное право
610 0_ a Ключевые слова СУДЕБНАЯ РЕФОРМА
a Ключевые слова МЕЖДУНАРОДНЫЕ ДОГОВОРЫ
a Ключевые слова ПРАВА РЕБЕНКА
700 _1 a Фамилия Ярошенко
b Имя Т.В.
801 _0 a Страна RU
b Организация РГУП
c Дата составления 20190523
g Правила каталогизации PSBO
801 _1 a Страна RU
b Организация РГУП
c Дата составления 20190523
g Правила каталогизации PSBO
901 t Тип документа b
w Контрольный № источника 1cf300e9d9224a77a71b3b4f64ae32a9
905 a Дата ввода 20190523